00423cam a2200145ua 45000010005000000080039000050400009000441000036000532450073000892500009001622600030001713000014002016530014002156530048002293593111118n ii |||gr||||Z||||||asm cMAIN1 aSarma, Mahesh Chandra,eAuthor.11aSikshatattva aru siksha monobigyan sahayikacby Mahesh Chandra Sarma a1st. aKokrajhar:bBina Library. a216p:5cm. aEducation aSikshatattva aru siksha monobigyan sahayika